[Event "52nd ch-RUS w"]
[Site "Elista RUS"]
[Date "2002.05.11"]
[Round "2"]
[White "Khasanova,E"]
[Black "Kosintseva,N"]
[Result "1/2-1/2"]
[WhiteElo "2033"]
[BlackElo "2336"]

1.e4 c5 2.c3 Nf6 3.e5 Nd5 4.d4 cxd4 5.Nf3 Nc6 6.Bc4 e6 7.cxd4 d6 8.exd6 Qxd6
9.O-O Be7 10.Re1 O-O 11.Nbd2 b6 12.Ne4 Qd8 13.a3 Bb7 14.Qd3 Nf6 15.Nc3 Rc8
16.Ba2 Re8 17.Bg5 Nd5 18.Ne4 h6 19.Bd2 Nb8 20.Ne5 Nd7 21.Rad1 f5 22.Nc3 Nxe5
23.dxe5 Bc5 24.Nxd5 Bxd5 25.Bxd5 Qxd5 26.Qg3 Qd4 27.b4 Bf8 28.Bxh6 Qc3 29.Qxc3 Rxc3
30.Re3 Rd8 31.Ra1 Rc4 32.Bg5 Rd5 33.Kf1 Kf7 34.Ree1 Rc3 35.Rec1 Rxc1+ 36.Rxc1 Rxe5
37.Rc7+ Kg6 38.Be3 a5 39.Bxb6 axb4 40.axb4 Bxb4 41.g3  1/2-1/2

[Event "52nd ch-RUS w"]
[Site "Elista RUS"]
[Date "2002.05.11"]
[Round "2"]
[White "Kharashkina,B"]
[Black "Polovnikova,E"]
[Result "1/2-1/2"]
[WhiteElo "2193"]
[BlackElo "2366"]

1.e4 c5 2.c3 Nf6 3.e5 Nd5 4.d4 cxd4 5.Nf3 Nc6 6.Bc4 Nb6 7.Bb3 g6 8.Ng5 d5
9.exd6 e6 10.Qf3 f6 11.Nxe6 Bxe6 12.Bxe6 Bxd6 13.O-O Bxh2+ 14.Kh1 Qe7 15.Re1 Be5
16.Qh3 dxc3 17.bxc3 f5 18.Bb3 O-O-O 19.f4 Qf6 20.fxe5 Nxe5 21.Qg3 Nec4 22.Bg5 Qd6
23.Qxd6 Rxd6 24.a4 h6 25.Be7 Rc6 26.Na3 Nd2 27.Be6+ Kb8 28.a5 Ne4 29.axb6  1/2-1/2

[Event "Croatian Cup"]
[Site "Pula CRO"]
[Date "2002.05.11"]
[Round "5"]
[White "Filipovic,Br"]
[Black "Fercec,N"]
[Result "1/2-1/2"]
[WhiteElo "2442"]
[BlackElo "2466"]

1.e4 c5 2.c3 Nf6 3.e5 Nd5 4.Nf3 e6 5.d4 cxd4 6.cxd4 d6 7.Bc4 Nc6 8.O-O Be7
9.exd6 Bxd6 10.Nc3 O-O 11.Re1 Be7 12.Bb3 b6 13.Nxd5 exd5 14.Ba4 Bd7 15.Bxc6 Bxc6
16.Bf4 f6 17.Qe2 Rf7 18.Rac1 Qd7 19.a3 Bf8 20.Qc2 Rc8 21.h3 Re7 22.Rxe7 Bxe7
23.Qb3 Bf8 24.Qa2 Bb7 25.Rxc8 Qxc8 26.Qb3 Qc4 27.Qe3 Kf7 28.Bg3 Qc8 29.Qf4 Be7
30.h4 Ba6 31.Kh2 Ke8 32.h5 Bd3 33.Qe3 Be4 34.Nd2 Qg4 35.Nxe4 Qxh5+  1/2-1/2

[Event "Open"]
[Site "Pula CRO"]
[Date "2002.05.12"]
[Round "1"]
[White "Papp,C"]
[Black "Palac,M"]
[Result "0-1"]
[WhiteElo "2167"]
[BlackElo "2574"]

1.e4 c5 2.c3 Nf6 3.e5 Nd5 4.d4 cxd4 5.Nf3 d6 6.Bc4 Nb6 7.Bxf7+ Kxf7 8.Ng5+ Kg8
9.Qf3 Qe8 10.e6 g6 11.cxd4 h6 12.Nf7 Bxe6 13.Nxh8 Kxh8 14.Qxb7 Bd5 15.Qc7 Nc4
16.Nc3 Na6 17.Nxd5 Nxc7 18.Nxc7 Qc6 19.Nxa8  0-1

[Event "52nd ch-RUS w"]
[Site "Elista RUS"]
[Date "2002.05.14"]
[Round "5"]
[White "Kharashkina,B"]
[Black "Kursova,M"]
[Result "1/2-1/2"]
[WhiteElo "2193"]
[BlackElo "2255"]

1.e4 c5 2.c3 Nf6 3.e5 Nd5 4.d4 cxd4 5.Nf3 e6 6.cxd4 d6 7.a3 Bd7 8.Bd3 Bc6
9.O-O Nd7 10.b4 a6 11.Nbd2 dxe5 12.dxe5 Nc3 13.Qc2 Rc8 14.Qxc3 Bxf3 15.Qd4 Bd5
16.Be4 Nb6 17.Bxd5 Nxd5 18.Bb2 Be7 19.Ne4 O-O 20.Rfd1 Rc6 21.Rac1 Rxc1 22.Rxc1 Qb8
23.Qc4 Rd8 24.Ng3 Bg5 25.Rd1 Nb6 26.Rxd8+ Qxd8 27.Qc2 h6 28.Ne4 Be7 29.h3 Qd5
30.Ng3 Nc4 31.f4 Bd8 32.Kh2 b5 33.Qe2 Bb6 34.Bc1 Qd4 35.Nf1 Qc3 36.Qd1 Qa1
37.Qc2 Qd4 38.Qe2 g5 39.fxg5 hxg5 40.Bxg5 Qxe5+ 41.Qxe5 Nxe5 42.Nd2 Nd3 43.Bf6 Kh7
44.g4 Kg6 45.Bc3 Be3 46.Nb3 e5 47.Kg2 e4 48.Bd4 Nf4+ 49.Kh2 Bxd4 50.Nxd4 Nd3
51.Kg3 Kf6 52.Nc6  1/2-1/2

[Event "ch-URU"]
[Site "Montevideo URU"]
[Date "2002.05.14"]
[Round "9"]
[White "Granara Barreto,S"]
[Black "Larrea,M"]
[Result "1/2-1/2"]
[WhiteElo "2237"]
[BlackElo "2180"]

1.e4 c5 2.c3 Nf6 3.e5 Nd5 4.d4 cxd4 5.Nf3 Nc6 6.Bc4 Nb6 7.Bb3 d5 8.exd6 e6
9.cxd4 Bxd6 10.O-O O-O 11.Nc3 Nd5 12.a3 b6 13.Qd3 Bb7 14.Nxd5 exd5 15.Bc2 g6
16.Bh6 Re8 17.Rfe1  1/2-1/2

[Event "Tanta Open"]
[Site "Tanta City EGY"]
[Date "2002.05.16"]
[Round "4"]
[White "Keshk,A"]
[Black "Meged,E"]
[Result "0-1"]
[WhiteElo "2170"]
[BlackElo "2177"]

1.e4 c5 2.c3 Nf6 3.e5 Nd5 4.d4 cxd4 5.Qxd4 e6 6.c4 Qc7 7.Bd2 Nc6 8.Qe4 f5
9.exf6 Nxf6 10.Qc2 Bc5 11.Nc3 Ng4 12.Nh3 O-O 13.Ne4 Nd4 14.Qb1 d5 15.Nxc5 Qxc5
16.Bd3 dxc4 17.Bxh7+ Kh8 18.Nf4 Rxf4 19.Bxf4 Nf3+ 20.gxf3 Qxf2+ 21.Kd1 Qxf3+
22.Kc2 Qxf4 23.Kc3 Qe3+ 24.Bd3 cxd3 25.Qe1 Qc5+ 26.Kb3 Qd5+ 27.Ka3 e5 28.Rg1 Be6
29.Rxg4 Bxg4 30.Qh4+ Kg8 31.Qxg4 Qa5+ 32.Kb3 Qd5+ 33.Kc3 Rd8 34.Rg1 Qd4+
35.Qxd4 Rxd4 36.Rd1 d2 37.Rxd2 Rxd2 38.Kxd2 Kf7 39.Ke3 Ke7 40.Ke4 Kf6 41.h4 Ke6
42.b3 a6 43.a3 Kf6 44.b4 b5 45.h5 Ke6 46.Kf3 Kf5 47.Ke3 e4  0-1

[Event "52nd ch-RUS w"]
[Site "Elista RUS"]
[Date "2002.05.18"]
[Round "9"]
[White "Kharashkina,B"]
[Black "Mirzoeva,E"]
[Result "1/2-1/2"]
[WhiteElo "2193"]
[BlackElo "2296"]

1.e4 c5 2.c3 Nf6 3.e5 Nd5 4.d4 cxd4 5.Nf3 Nc6 6.cxd4 d6 7.Bc4 e6 8.O-O Be7
9.Qe2 O-O 10.Qe4 Qc7 11.Bd3 f5 12.exf6 Nxf6 13.Qe2 d5 14.Nc3 Qb6 15.Rd1 Bd7
16.Bg5 h6 17.Bh4 g5 18.Bg3 Nh5 19.Bb1 Nxg3 20.hxg3 Rf7 21.Bg6 Rg7 22.Bh5 g4
23.Ne5 Nxe5 24.dxe5 Rf8 25.Rf1 d4 26.Rad1 dxc3 27.Rxd7 cxb2 28.Rdd1 Bc5 29.Rb1 Bd4
30.Kh2 Rf5 31.Bxg4 Rxe5 32.Qf3 Reg5 33.Bh3 Qd6 34.Qb3 Re5 35.Rfd1 Qc5 36.Bxe6+ Kh8
37.Bh3 Re8 38.Qa4 Re4 39.Rxb2 Rxg3 40.Rxd4 Rxh3+ 41.gxh3 Qe5+ 42.Kg2 Rxd4
43.Qxa7 Qg5+ 44.Kh2 Qe5+ 45.Kg2 Qg7+ 46.Kh2 Qe5+ 47.Kg2 Rd7 48.Rb3 Qe4+ 49.Kh2 Qf4+
50.Rg3 Rg7  1/2-1/2

[Event "IHEM"]
[Site "Hamburg GER"]
[Date "2002.05.18"]
[Round "1"]
[White "Engelbert,C"]
[Black "Lanka,Z"]
[Result "0-1"]
[WhiteElo "2269"]
[BlackElo "2503"]

1.e4 c5 2.c3 Nf6 3.e5 Nd5 4.d4 cxd4 5.cxd4 d6 6.Nf3 Nc6 7.Bc4 dxe5 8.Bxd5 Qxd5
9.Nc3 Qd6 10.d5 Nd4 11.Nxd4 exd4 12.Qxd4 e5 13.Qd3 Bd7 14.O-O f5 15.Re1 Kf7
16.a4 a6 17.b3 e4 18.Qh3 Rc8 19.Ba3 Qh6 20.Qxh6 gxh6 21.Bxf8 Rxc3 22.Bxh6 Rxb3
23.g3 Rc8 24.Be3 Rd3 25.Rab1 b5 26.axb5 Bxb5 27.Red1 Rd8 28.Rxd3 exd3 29.f3 Rxd5
30.Kf2 Ke6 31.Ke1 Re5 32.Kd2 f4 33.gxf4 Rh5 34.Bg1 Kf5 35.Rb4 Rh6 36.Rb2 Rh4
37.Ke3 Rxf4 38.Bf2 Ra4 39.Bg3 Ke6 40.Kd2 Kd5 41.Ke3 Ra1 42.Rd2 a5 43.f4 a4
44.f5 a3 45.f6 Ke6 46.Kd4 Rc1 47.Rf2 Kf7 48.Bd6 Rc4+ 49.Ke5 Ra4 50.Rg2 Bc4
51.Rg7+ Ke8 52.Re7+ Kd8 53.f7 Bxf7 54.Rxf7 a2 55.Rf8+ Kd7 56.Rf7+ Kc6 57.Rc7+ Kb6
58.Rc1 a1=Q+  0-1

[Event "Open"]
[Site "Pula CRO"]
[Date "2002.05.18"]
[Round "8"]
[White "Navinsek,T"]
[Black "Mazi,L"]
[Result "0-1"]
[WhiteElo "2281"]
[BlackElo "2378"]

1.e4 c5 2.c3 Nf6 3.d3 Nc6 4.Nf3 g6 5.Be2 Bg7 6.O-O O-O 7.a3 Qc7 8.Qc2 d5
9.Nbd2 b6 10.Re1 Bb7 11.Bf1 Rac8 12.b3 Rfd8 13.h3 Nh5 14.Bb2 Rd7 15.Rad1 Rcd8
16.exd5 Rxd5 17.Nc4 R5d7 18.b4 cxb4 19.axb4 b5 20.Na3 Nxb4 21.Qb1 Bxf3 22.gxf3 Nc6
23.Nxb5 Qf4 24.d4 Qxf3 25.Bg2 Qf6 26.Rd3 Nf4 27.Rf3 e5 28.Qe4 Re7 29.Rd1 Rc8
30.d5 Na5 31.Na3 Nb3 32.c4 Nc5 33.Qc2 Qh4 34.Bf1 f5 35.Bc1 Ne4 36.Bxf4 exf4
37.Bg2 Be5 38.Nb5 Qf6 39.Qa2 a6 40.Na3 Qd6 41.Rdd3 Rc5 42.Nb1 Ng5 43.Ra3 Nxf3+
44.Rxf3 Rb7 45.Nc3 Bxc3 46.Rxc3 Qe5 47.Rc2 Qe1+ 48.Kh2 Rb1 49.h4 Ra5  0-1

[Event "Open"]
[Site "Pula CRO"]
[Date "2002.05.18"]
[Round "8"]
[White "Susak,Z"]
[Black "Franic,M"]
[Result "0-1"]
[WhiteElo "2182"]
[BlackElo "2413"]

1.e4 c5 2.c3 Nf6 3.e5 Nd5 4.d4 cxd4 5.Nf3 e6 6.cxd4 b6 7.Nc3 Nxc3 8.bxc3 Qc7
9.Bd2 Bb7 10.Bd3 d6 11.O-O Nd7 12.Re1 dxe5 13.Nxe5 Nxe5 14.Rxe5 Bd6 15.Rh5 g6
16.Rh3 O-O 17.Qg4 f5 18.Qh4 Rf7 19.Re1 Bd5 20.a4 a6 21.c4 Bxc4 22.Rc1 b5
23.Bxc4 bxc4 24.Rhc3 Qa5 25.R3c2 Qxa4 26.Rxc4 Qd7 27.Qh3 a5 28.Qf3 Ra7 29.d5 e5
30.Bh6 Re7 31.g4 Re8 32.Rc6 f4 33.h3 a4 34.Qc3 a3 35.Ra1 Rb8 36.Ra2 Ra4 37.Bg5 Rd4
38.Bf6 Kf7 39.g5 Rd1+ 40.Kg2 Rbb1 41.Rxa3 Rg1+ 42.Kf3 Qxh3+ 43.Ke4 Qf1  0-1

[Event "Tanta Open"]
[Site "Tanta City EGY"]
[Date "2002.05.18"]
[Round "5"]
[White "Vysochin,S"]
[Black "Halkias,S"]
[Result "1-0"]
[WhiteElo "2545"]
[BlackElo "2566"]

1.e4 c5 2.c3 Nf6 3.e5 Nd5 4.Nf3 Nc6 5.d4 cxd4 6.Bc4 Nb6 7.Bb3 d5 8.exd6 Qxd6
9.O-O Be6 10.Na3 dxc3 11.Qe2 Bxb3 12.Nb5 Qb8 13.axb3 g6 14.Be3 Nc8 15.Ra4 Bg7
16.Bf4 e5 17.Nxe5 Nxe5 18.Bxe5 Bxe5 19.f4 O-O 20.fxe5 Nb6 21.Raf4 c2 22.Nd6 Qc7
23.Rc1 Nd5 24.Rd4 Nb4 25.e6 Qc5 26.Qc4 Qxc4 27.Rxc4 Rad8 28.Rxb4 Rxd6 29.Rxc2 fxe6
30.h3 Rf7 31.Re4 Rfd7 32.Rc8+ Kg7 33.Re8 Kf7 34.Rh8 Kg7 35.Re8 Kf7 36.Rh8 h5
37.Re2 Rb6 38.Rh7+ Ke8 39.Rh8+ Ke7 40.Rh7+ Kd8 41.Rh8+ Kc7 42.Rg8 Rxb3 43.Rxg6 Rd6
44.Rg7+ Kc6 45.Rg5 Rb5 46.Rxb5 Kxb5 47.Re5+ Kc4 48.Rxh5 b5 49.g4 a5 50.g5 Rd3
51.Kg2 Rb3 52.g6 Rxb2+ 53.Kf3 Rb1 54.Rg5 Rd1 55.g7 Rd8 56.g8=Q Rxg8 57.Rxg8 b4
58.h4 b3 59.h5 a4 60.h6 b2 61.Rc8+ Kd5 62.Rd8+ Kc4 63.Rd1 a3 64.h7 a2 65.h8=Q b1=Q
66.Qd4+ Kb5 67.Qd7+ Kc4 68.Qc6+ Kb3 69.Qb5+ Kc2 70.Qd3+ Kb2 71.Rd2+  1-0

[Event "Open A"]
[Site "Ostrava CZE"]
[Date "2002.05.19"]
[Round "3"]
[White "Pisk,P"]
[Black "Smistik,M"]
[Result "0-1"]
[WhiteElo "2365"]
[BlackElo "2238"]

1.e4 c5 2.c3 Nf6 3.e5 Nd5 4.Nf3 e6 5.d4 cxd4 6.cxd4 Nc6 7.Nc3 Nxc3 8.bxc3 d6
9.Bd3 dxe5 10.dxe5 Qd5 11.O-O Nxe5 12.Nxe5 Qxe5 13.Re1 Qa5 14.Rb1 a6 15.Qg4 h5
16.Qc4 Be7 17.Bf4 Bf6 18.Bd2 O-O 19.Qe4 g6 20.Bh6 Rd8 21.c4 Bd7 22.Qxb7 Rac8
23.Qf3 Bg7 24.Bxg7 Kxg7 25.Qe2 Bc6 26.Rf1 Qg5 27.Be4 Qe5 28.Rfe1 Bxe4 29.Qxe4 Qxe4
30.Rxe4 Rd2 31.h4 Rxa2 32.Rc1 Rc5 33.Rd4 g5 34.Rd7 Ra4 35.Ra7 Rcxc4  0-1

[Event "9th RUS-chT"]
[Site "Ekaterinburg RUS"]
[Date "2002.05.20"]
[Round "4"]
[White "Kharlov,A"]
[Black "Fedorov,Alex"]
[Result "0-1"]
[WhiteElo "2633"]
[BlackElo "2598"]

1.e4 c5 2.c3 Nf6 3.e5 Nd5 4.Nf3 Nc6 5.d4 cxd4 6.cxd4 d6 7.Nc3 dxe5 8.dxe5 Nxc3
9.Qxd8+ Nxd8 10.bxc3 Bd7 11.Be3 g6 12.Nd4 Rc8 13.Kd2 Bg7 14.f4 O-O 15.Rb1 f6
16.exf6 Rxf6 17.Bd3 Rd6 18.Rhc1 a6 19.Ne2 Bc6 20.g3 Ne6 21.Bd4 Nxd4 22.cxd4 Bxd4
23.Nxd4 Rxd4 24.Ke3 Rcd8 25.Rc3 Kg7 26.Re1 R8d6 27.a3 Kf6 28.Bc2 Rd2 29.Re2 Rxe2+
30.Kxe2 e5 31.Ke3 Re6 32.fxe5+ Kxe5 33.h4 h6 34.Kd2 Rd6+ 35.Ke3 g5 36.hxg5 hxg5
37.Bd3 a5 38.Rc1 Rd4 39.Rc5+ Rd5 40.Rc3 Kd6 41.Rc2 Bb5 42.Be4 Rd1 43.Rc3 b6
44.Bf3 Rg1 45.Kf2 Rb1 46.Be4 Rb2+ 47.Ke3 Ke5 48.Bf3 Ba4 49.Be2 Rb3 50.Rxb3 Bxb3
51.Bb5 Be6 52.Kd3 Bf5+ 53.Kc4 Bh3 54.Bc6 Bf1+ 55.Kc3 Kd6 56.Be4 Kc5 57.a4 Bh3
58.Bc2 Kd5 59.Bd1 Ke4 60.Bc2+ Kf3 61.Kc4 Bd7 62.Kd5 Kxg3 63.Kd6 Bxa4 64.Bxa4 g4  0-1

[Event "4th Borowski GMB"]
[Site "Essen GER"]
[Date "2002.05.23"]
[Round "7"]
[White "Rabiega,R"]
[Black "Fridman,R"]
[Result "1/2-1/2"]
[WhiteElo "2512"]
[BlackElo "2378"]

1.e4 c5 2.c3 Nf6 3.e5 Nd5 4.Nf3 Nc6 5.Bc4 Nb6 6.Bb3 d5 7.exd6 Qxd6 8.Na3 Be6
9.d4 Bxb3 10.Qxb3 cxd4 11.Nb5 Qb8 12.O-O e6 13.Nbxd4 Be7 14.Qb5 Qc7 15.Nxc6 bxc6
16.Qe5 Qxe5 17.Nxe5 Rc8 18.a4 f6 19.a5 Nd5 20.Nc4 a6 21.Be3 Kf7 22.Rfd1 Rb8
23.Kf1 g5 24.Ke2 Rhd8 25.Nb6 h5 26.g3  1/2-1/2

[Event "FSGM June"]
[Site "Budapest HUN"]
[Date "2002.06.01"]
[Round "1"]
[White "Vajda,L"]
[Black "Flumbort,A"]
[Result "1-0"]
[WhiteElo "2535"]
[BlackElo "2414"]

1.e4 c5 2.c3 Nf6 3.e5 Nd5 4.d4 cxd4 5.Nf3 Nc6 6.Bc4 Nb6 7.Bb3 d5 8.exd6 Qxd6
9.Na3 dxc3 10.Qxd6 exd6 11.Nb5 Rb8 12.bxc3 Be7 13.Bf4 O-O 14.O-O-O Be6 15.Rhe1 Nc4
16.Nxd6 Bxd6 17.Bxd6 Nxd6 18.Rxd6 Bxb3 19.axb3 Rfd8 20.Rxd8+ Rxd8 21.b4 a6
22.Kc2 f6 23.Nd2 Rc8 24.Kb3 Rc7 25.Nc4 Rd7 26.Re8+ Kf7 27.Rc8 Ke6 28.Re8+ Kf7
29.Re2 b5 30.Ne3 Rd3 31.Kc2 Rd7 32.Re1 a5 33.bxa5 Nxa5 34.g4 Rc7 35.Ra1 Nc4
36.Nf5 Rd7 37.Kb3 Ne5 38.h3 g6 39.Nd4 Nd3 40.f3 b4 41.Kc4 Ne5+ 42.Kxb4 Rb7+
43.Kc5 Rc7+ 44.Kd5 Rd7+ 45.Ke4 Re7 46.Kf4 g5+ 47.Kg3 Nd3 48.h4 Nf4 49.hxg5 fxg5
50.Ra5 Kf6 51.Rf5+ Kg6 52.Nc6 Re2 53.Ne5+ Kh6 54.Nf7+ Kg7 55.Rxg5+  1-0

[Event "FSGM June"]
[Site "Budapest HUN"]
[Date "2002.06.02"]
[Round "2"]
[White "Blauert,J"]
[Black "Handke,F"]
[Result "1-0"]
[WhiteElo "2390"]
[BlackElo "2427"]

1.e4 c5 2.c3 Nf6 3.e5 Nd5 4.d4 cxd4 5.Nf3 e6 6.Bc4 Nb6 7.Bb3 d6 8.cxd4 dxe5
9.Nxe5 Nc6 10.Nxc6 bxc6 11.O-O Be7 12.Nc3 O-O 13.Bf4 Ba6 14.Re1 Bc4 15.Bc2 Nd5
16.Be5 Nxc3 17.bxc3 Bf6 18.Bxf6 Qxf6 19.Qh5 Rfb8 20.Qxh7+ Kf8 21.Re3 Ke7
22.Qe4 Rb6 23.Bb3 Bxb3 24.axb3 a5 25.h3 Raa6 26.Rf3 Qg5 27.h4 Qh5 28.Qf4 Rb7
29.Re1 f6 30.Qe4 Qf7 31.Rfe3 Rxb3 32.Qf5 c5 33.d5 Rbb6 34.dxe6 Qe8 35.Qxc5+ Rd6
36.Qc7+ Kf8 37.Rg3 g6 38.Rxg6 Qxg6 39.e7+ Ke8 40.Qc8+  1-0

[Event "FSGM June"]
[Site "Budapest HUN"]
[Date "2002.06.04"]
[Round "4"]
[White "Vajda,L"]
[Black "Bakre,T"]
[Result "1-0"]
[WhiteElo "2535"]
[BlackElo "2458"]

1.e4 c5 2.c3 Nf6 3.e5 Nd5 4.d4 cxd4 5.Nf3 e6 6.cxd4 d6 7.Nc3 Nxc3 8.bxc3 Qc7
9.Bd2 Nd7 10.Bd3 dxe5 11.O-O Be7 12.Re1 exd4 13.cxd4 O-O 14.Rc1 Qd8 15.Bf4 Nf6
16.Bc7 Qe8 17.Ng5 h6 18.Ne4 Nd5 19.Nd6 Qd7 20.Bb5 Qxc7 21.Rxc7 Nxc7 22.Nxc8 Raxc8
23.Bd3 Nd5 24.g3 Rfd8 25.Qf3 Bf6 26.Qe4 Nb4 27.Bb1 Rc7 28.a3 Nd5 29.Kg2 Nc3
30.Qh7+ Kf8 31.Bf5 Bxd4 32.Bxe6 fxe6 33.Rxe6 Rdc8 34.Qf5+ Kg8 35.Qg4 Bb6
36.Re7 Rxe7 37.Qxc8+ Kh7 38.Qxc3 Rf7 39.f4 g6 40.a4 Bd8 41.Qd4 Bb6 42.Qd5 Rg7
43.h4 Bc7 44.h5 gxh5 45.Qxh5 a6 46.Kf3 b5 47.axb5 axb5 48.Qxb5 Rf7 49.Kg4 Kg7
50.Qc5 Bd8 51.Kh5 Rf6 52.Qe5 Kf8 53.Qb8 Ke8 54.g4 Kd7 55.Qb5+ Ke6 56.Qe5+ Kf7
57.g5 hxg5 58.fxg5  1-0

[Event "TCh-BIH"]
[Site "Neum BIH"]
[Date "2002.06.04"]
[Round "4"]
[White "Ristic,Nen"]
[Black "Cvitan,O"]
[Result "1/2-1/2"]
[WhiteElo "2464"]
[BlackElo "2570"]

1.e4 c5 2.c3 Nf6 3.e5 Nd5 4.d4 cxd4 5.Nf3 e6 6.cxd4 d6 7.Bc4 Nc6 8.O-O Be7
9.exd6 Qxd6 10.Nc3 O-O 11.Re1 Rd8 12.Bb3 Nf6 13.Nb5 Qd7 14.Bf4 a6  1/2-1/2

[Event "FSGM June"]
[Site "Budapest HUN"]
[Date "2002.06.07"]
[Round "7"]
[White "Erenburg,S"]
[Black "Bakre,T"]
[Result "1/2-1/2"]
[WhiteElo "2450"]
[BlackElo "2458"]

1.e4 c5 2.c3 Nf6 3.e5 Nd5 4.d4 cxd4 5.Nf3 Nc6 6.Bc4 e6 7.cxd4 d6 8.O-O Be7
9.Qe2 O-O 10.Qe4 Qc7 11.Bd3 f5 12.exf6 Nxf6 13.Qe2 a6 14.Nc3 d5 15.h3 Bd7
16.Bg5 Rae8 17.Rad1 Bd6 18.Bb1 Bc8 19.Rfe1 Qf7 20.Ne5 Qh5 21.Qxh5 Nxh5 22.Nxc6 bxc6
23.Na4 Nf4 24.Nb6 Bb7 25.Nd7 Rf7 26.Ne5 Rff8 27.a3 a5 28.Rc1 Bxe5 29.Rxe5 h6
30.Bh4 Ba6 31.Rxc6 Bc4 32.Bg3 Ne2+ 33.Rxe2 Bxe2 34.Bg6 Rc8 35.Rxe6 Rf6 36.Rxe2 Rxg6
37.Re7 Rc1+ 38.Kh2 Rc2 39.Rd7 Rg5 40.Ra7 Rxb2 41.Rxa5 Rf5 42.Ra8+ Rf8 43.Ra5 Rf5
44.Ra8+ Rf8 45.Ra5  1/2-1/2

[Event "FSGM June"]
[Site "Budapest HUN"]
[Date "2002.06.12"]
[Round "12"]
[White "Erenburg,S"]
[Black "Handke,F"]
[Result "1/2-1/2"]
[WhiteElo "2450"]
[BlackElo "2427"]

1.e4 c5 2.c3 Nf6 3.e5 Nd5 4.d4 cxd4 5.Nf3 e6 6.cxd4 d6 7.Bc4 Nb6 8.Bb3 dxe5
9.Nxe5 Nc6 10.Nxc6 bxc6 11.O-O Be7 12.Nc3 O-O 13.Bf4 Ba6 14.Re1 c5 15.dxc5 Qxd1
16.Rexd1 Bxc5 17.Ne4 Be7 18.Rac1 Rac8 19.Nd6 Rxc1 20.Rxc1 Rd8 21.Rc6 g5 22.Bg3 Bxd6
23.Rxd6 Rc8 24.h4 h6 25.hxg5 hxg5 26.a4 Bc4 27.Bxc4 Nxc4 28.Rd7 f5 29.f3 a5
30.b3 f4 31.Be1 Ne3 32.Bxa5 Rc1+ 33.Kf2 Rb1 34.Rd3 g4 35.fxg4 Nxg4+ 36.Ke2 Ne5
37.Rd8+ Kf7 38.Bc3 Rxb3 39.Kd2 Nc4+ 40.Kc2 Rb7 41.Bd4 e5 42.Kd3 Nb2+ 43.Bxb2 Rxb2
44.Ke4 Rxg2 45.Kxe5 f3 46.Rd3 Re2+ 47.Kd5 f2 48.Rf3+ Kg6 49.Kd4 Kg5 50.Kd3 Ra2
51.Ke3  1/2-1/2

[Event "3rd IECC"]
[Site "Batumi GEO"]
[Date "2002.06.17"]
[Round "6"]
[White "Asylguzhin,R"]
[Black "Goloshchapov,A"]
[Result "1/2-1/2"]
[WhiteElo "2387"]
[BlackElo "2543"]

1.e4 c5 2.c3 Nf6 3.e5 Nd5 4.d4 cxd4 5.Qxd4 e6 6.Nf3 Nc6 7.Qe4 f5 8.Qe2 Qc7
9.g3 b5 10.Bg2 a5 11.O-O Ba6 12.Re1 Bc5 13.Nbd2 O-O 14.Nb3 b4 15.Qc2 Ba7
16.c4 Nde7  1/2-1/2

[Event "3rd IECC"]
[Site "Batumi GEO"]
[Date "2002.06.17"]
[Round "6"]
[White "Potkin,V"]
[Black "Atakisi,U"]
[Result "1-0"]
[WhiteElo "2493"]
[BlackElo "2358"]

1.e4 c5 2.c3 Nf6 3.e5 Nd5 4.Nf3 Nc6 5.d4 cxd4 6.cxd4 d6 7.Bc4 Nb6 8.Bb5 dxe5
9.Nxe5 Bd7 10.Nxd7 Qxd7 11.Nc3 Rd8 12.O-O e6 13.a4 a6 14.Bxc6 Qxc6 15.Bg5 f6
16.Be3 Bb4 17.d5 Nxd5 18.Nxd5 Rxd5 19.Qg4 Bf8 20.Rac1 Qd7 21.Rc7 Qxc7 22.Qxe6+ Be7
23.Qxd5 Qd7 24.Qb3 g5 25.Rd1 Qc6 26.Rc1 Qd7 27.Bb6 Bd6 28.Rd1 Qe7 29.Qd5  1-0

[Event "ISYG-M14"]
[Site "Moscow RUS"]
[Date "2002.06.18"]
[Round "1"]
[White "Esenov,A"]
[Black "Zhigalko,S"]
[Result "0-1"]
[WhiteElo "2084"]
[BlackElo "2322"]

1.e4 c5 2.c3 Nf6 3.e5 Nd5 4.d4 cxd4 5.cxd4 Nc6 6.Nf3 d6 7.Be2 e6 8.O-O Be7
9.Nbd2 O-O 10.Ne4 dxe5 11.dxe5 Qc7 12.Bc4 Nxe5 13.Bxd5 Nxf3+ 14.Qxf3 exd5
15.Nc3 d4 16.Nd5 Qd8 17.Qe4 Bc5 18.Bf4 Re8 19.Qf3 Bg4 20.Qxg4 Qxd5 21.Rfd1 Rad8
22.h4 h5 23.Qg3 d3 24.Rf1 Re2 25.Bg5 Bd6 26.Qh3 Be7 27.Bxe7 Rxe7 28.b3 Re2
29.Qg3 Qd4 30.Qf3 g6 31.Qxb7 Rde8 32.Qf3 d2 33.Rad1 Qxh4 34.Qd3 Qf4 35.g3 Qg5
36.Kh1 h4 37.Kg2 R8e3 38.Qd7 Qxg3+ 39.Kh1 Qf3+ 40.Kg1 h3 41.Qd8+ Kg7 42.Qg5 Re5
43.Qg3 Qxg3+ 44.fxg3 Rg2+ 45.Kh1 Ree2 46.Rf3 Re1+ 47.Rf1 Rxd1 48.Rxd1 Re2
49.Kg1 Re1+  0-1

[Event "3rd IECC"]
[Site "Batumi GEO"]
[Date "2002.06.22"]
[Round "10"]
[White "Potkin,V"]
[Black "Kotronias,V"]
[Result "1-0"]
[WhiteElo "2493"]
[BlackElo "2580"]

1.e4 c5 2.c3 Nf6 3.e5 Nd5 4.d4 cxd4 5.Nf3 Nc6 6.cxd4 d6 7.Bc4 Nb6 8.Bb5 dxe5
9.Nxe5 Bd7 10.Nxd7 Qxd7 11.Nc3 e6 12.O-O Be7 13.Qg4 O-O 14.Bxc6 Qxc6 15.Bh6 Bf6
16.Rfd1 Kh8 17.Ne4 Rg8 18.Bg5 Bxd4 19.Rxd4 f5 20.Qe2 fxe4 21.Rxe4 h6 22.Rxe6 Rge8
23.Be7 Qd5 24.Rd1 Qxa2 25.Rxh6+ gxh6 26.Bf6+ Kg8 27.Qg4+ Kf7 28.Qg7+ Ke6
29.Bc3 Qd5 30.Rxd5 Kxd5 31.Qxb7+ Kc4 32.Qc6+ Kb3 33.h4 Rac8 34.Qxh6 Na4 35.Bd4 a5
36.Qa6  1-0

[Event "13th Open"]
[Site "Ljubljana SLO"]
[Date "2002.06.24"]
[Round "3"]
[White "Piber,Vink"]
[Black "Kutuzovic,B"]
[Result "0-1"]
[WhiteElo "2020"]
[BlackElo "2406"]

1.e4 c5 2.c3 Nf6 3.e5 Nd5 4.Nf3 d6 5.d4 cxd4 6.cxd4 Nc6 7.Bc4 Nb6 8.Bb3 d5
9.Qe2 Bg4 10.Be3 e6 11.a3 a6 12.Nbd2 Be7 13.h3 Bh5 14.Rc1 Rc8 15.O-O O-O
16.g4 Bg6 17.Nh2 Qd7 18.f4 Na5 19.Rxc8 Rxc8 20.f5 exf5 21.gxf5 Bxf5 22.Qf3 Bg6
23.Ba2 Qe6 24.b4 Nac4 25.Nb3 Be4 26.Qg3 Nxe3 27.Qxe3 Qg6+  0-1

[Event "13th Open"]
[Site "Ljubljana SLO"]
[Date "2002.06.25"]
[Round "4"]
[White "Pavasovic,D"]
[Black "Kritz,L"]
[Result "0-1"]
[WhiteElo "2567"]
[BlackElo "2446"]

1.e4 c5 2.c3 Nf6 3.e5 Nd5 4.Nf3 Nc6 5.Bc4 Nb6 6.Bb3 d5 7.exd6 c4 8.Bc2 e5
9.O-O Bxd6 10.d4 Bg4 11.h3 Bxf3 12.Qxf3 exd4 13.cxd4 Nxd4 14.Qe4+ Kf8 15.Rd1 Nxc2
16.Qxc2 Qe7 17.Nc3 Re8 18.Be3 Bc5 19.Re1 h5 20.Qf5 Bxe3 21.Rxe3 Qd7 22.Qc5+ Kg8
23.Rd1 Rxe3 24.Qxe3 Qf5 25.Ne4 Kh7 26.Ng5+ Kg6 27.Rd6+ f6 28.h4 Nc8 29.Re6 Rd8
30.Qg3 Qg4 31.Qc7 Rd1+ 32.Kh2 Nd6 33.g3 Qf5 34.Nh3 Rh1+  0-1

[Event "Open"]
[Site "Velika Gorica CRO"]
[Date "2002.06.26"]
[Round "5"]
[White "Majeric,Z"]
[Black "Bender,I"]
[Result "0-1"]
[WhiteElo "2344"]
[BlackElo "2176"]

1.e4 c5 2.c3 Nf6 3.e5 Nd5 4.Nf3 e6 5.d4 cxd4 6.Qxd4 Qc7 7.Bc4 Nb6 8.Bd3 Nc6
9.Qe4 d5 10.exd6 Bxd6 11.O-O Nd7 12.Qh4 Nde5 13.Nxe5 Nxe5 14.Bb5+ Bd7 15.Bxd7+ Nxd7
16.Nd2 Nf6 17.Qa4+ Ke7 18.Nf3 h6 19.Re1 Rhd8 20.Be3 Nd5 21.Qh4+ Kf8 22.Bd4 Nf4
23.Ne5 Nd5 24.Ng4 Qe7 25.Bxg7+ Kxg7 26.Qxh6+ Kg8 27.Re4 f6 28.c4 Qg7 29.Qh4 Nf4
30.g3 f5 31.Nh6+ Kf8 32.Rxf4 Bxf4 33.Qxf4 Rd4 34.Qe3 Re4 35.Qa3+ Ke8 36.Qa4+ Ke7
37.Qb4+ Kf6 38.Nxf5 exf5 39.Rd1 Qe7 40.Kg2 Re2 41.Rd4 Re8 42.Rf4 Re5 43.Qc3 Qd7
44.h4 Qc6+ 45.Rf3 Ke6 46.Qd3 Qe4 47.Qd2 Qxc4 48.h5 Qd5 49.Qg5 f4 50.Qh6+ Kd7
51.Qxf4 Rxh5 52.g4 Rhh8 53.Qa4+ Kc8 54.Kg3 Qe5+ 55.Qf4 Rhf8  0-1

[Event "13th Open"]
[Site "Ljubljana SLO"]
[Date "2002.06.28"]
[Round "7"]
[White "Sveshnikov,E"]
[Black "Tratar,M"]
[Result "1/2-1/2"]
[WhiteElo "2556"]
[BlackElo "2443"]

1.e4 c5 2.c3 Nf6 3.e5 Nd5 4.Nf3 Nc6 5.Bc4 Nb6 6.Bb5 a6 7.Be2 g6 8.d4 cxd4
9.cxd4 Bg7 10.Nc3 d6 11.Bf4 dxe5 12.dxe5 Qxd1+ 13.Rxd1 Bf5 14.O-O h6 15.Rd2 g5
16.Bg3 e6 17.Rfd1 Ke7 18.h4 Rac8 19.hxg5 hxg5 20.Nxg5 Bxe5 21.f4 Bxc3 22.bxc3 Nd5
23.Bf3 Nxc3 24.Rd7+ Ke8 25.R1d2 f6 26.Rxb7 Na5 27.Rf7 fxg5 28.Rdd7 g4 29.Rde7+ Kd8
30.Ra7 gxf3 31.Bh4+ Ke8 32.Rae7+ Kd8 33.Rd7+ Ke8 34.Rfe7+ Kf8 35.Rf7+ Ke8
36.Rde7+ Kd8 37.Rd7+  1/2-1/2

[Event "13th Open"]
[Site "Ljubljana SLO"]
[Date "2002.06.29"]
[Round "8"]
[White "Pavasovic,D"]
[Black "Mazi,L"]
[Result "1/2-1/2"]
[WhiteElo "2567"]
[BlackElo "2378"]

1.e4 c5 2.c3 Nf6 3.e5 Nd5 4.Nf3 Nc6 5.Bc4 Nb6 6.Bb3 d6 7.exd6 e6 8.d4 Bxd6
9.O-O O-O 10.Nbd2 cxd4 11.cxd4 Bf4 12.Ne4 Nd5 13.Qe2 Nce7 14.Nc3 Bxc1 15.Raxc1 b6
16.Qe4 Bb7 17.Ng5 Ng6 18.Bxd5 Bxd5 19.Nxd5 Qxg5 20.Ne3 Qf4 21.Qxf4 Nxf4 22.Rc2 Rac8
23.Rd1 Rxc2 24.Nxc2 Rc8 25.Rd2 Kf8 26.g3 Nd5 27.Kf1 Ke7 28.Ke2 Kd6 29.Kd3 b5
30.a3 h5 31.h4 Nb6 32.Ne3 Rc1 33.Rd1 Rxd1+  1/2-1/2

[Event "Open"]
[Site "Velika Gorica CRO"]
[Date "2002.06.29"]
[Round "8"]
[White "Kapic,I"]
[Black "Vadla,Z"]
[Result "1/2-1/2"]
[WhiteElo "2196"]
[BlackElo "2246"]

1.e4 c5 2.c3 Nf6 3.e5 Nd5 4.Nf3 e6 5.Bc4 d6 6.d4 cxd4 7.cxd4 Be7 8.O-O O-O
9.Qe2 Nc6 10.Rd1 Na5 11.Bxd5 exd5 12.Nc3 Be6 13.Bf4 Nc6 14.exd6 Bxd6 15.Bxd6 Qxd6
16.h3 Rfe8 17.Qd2 h6 18.Rac1  1/2-1/2

[Event "IV Shakkinet B"]
[Site "Helsinki FIN"]
[Date "2002.06.30"]
[Round "7"]
[White "Skrjabin,I"]
[Black "Karlsen,T"]
[Result "1/2-1/2"]
[WhiteElo "2114"]
[BlackElo "2121"]

1.e4 c5 2.c3 Nf6 3.e5 Nd5 4.d4 cxd4 5.Nf3 Nc6 6.Bc4 Nb6 7.Bb3 d5 8.exd6 Qxd6
9.O-O Be6 10.Bxe6 Qxe6 11.Nxd4 Nxd4 12.Qxd4 Qd5 13.Qf4 e6 14.Nd2 Bd6 15.Qg4 h5
16.Qe2 O-O-O 17.Nf3 h4 18.h3 Rh5 19.Be3 Qe4 20.Rfd1 Rd5 21.b3 Be7 22.c4 Rxd1+
23.Rxd1 g5 24.Rxd8+ Bxd8 25.Qd1 g4 26.hxg4 Qxg4 27.Qd4 Qxd4 28.Bxd4 Nd7 29.Kh2 Kc7
30.Kh3 Kc6 31.Nxh4 a5 32.Nf3 b5 33.Kg4 bxc4 34.bxc4 Bb6 35.Bxb6 Kxb6 36.Kf4 f6
37.Ke4 Kc5 38.Kd3 Kb4 39.Nd2 a4 40.f4 Ka3 41.g4 e5 42.f5 Nc5+ 43.Kc2 Kb4
44.g5  1/2-1/2